01099nam a22002657a 4500999001700000003000900017008004100026040007100067082001500138100001400153245002700167260004300194300002800237440005000265505021700315650001700532650002100549650002000570700004500590700002600635700004000661942001600701945002100717952009500738 c19476d19476AR-CdUCM190517b ||||| |||| 00| 0 spa d aMUNICIPALIDAD PROVINCIAL DEL CUSCOcBIBLIOTECA MUNICIPAL DEL CUSCO a190 /bB74 aBorn, Max a¿Donde estamos hoy? / aMadrid :bRevista de Occidente,c1962. a406 páginas ;c19 cm. aTribuna de la Revista de Occidente.n4940822 aContenido: ¿Vivimos en una crisis cultural? -- El problema de la paz -- ¿Donde estamos hoy? -- Esperanza para esta hora -- El redescubrimiento del mundo -- Estamos en camino -- Entre el temor y la esperanza ... aCambio93544 aFilosofía9395 aEsperanza93624 aBleiberg, Germán (traducción)940823 aBuber, Martín96428 aFreyer, Hans ... (coautores)940824 2ddccLIBROS aachld2019-05-17 002ddc4070aSHbSHcCARTd2019-05-17g40.00o190 / B74pSH0000014352r2019-05-17yLIBROS